000 00723cam a2200229 4500
001 32540
003 AR-RoBPED
005 20260410110333.0
008 260409t1971 |||||||| |||| 00| 1 spa d
040 _aAR-RoBPED
041 _aspa
100 _aFernández Santos, Jesús
_d1926-1988
_930663
245 _aLos bravos /
_cJesús Fernández Santos ; prólogo de Carmen Martin Gaite
260 _aNavarra :
_bSalvat,
_c1971.
300 _a192 p.
490 0 _a(Biblioteca Básica Salvat ;
_v93)
650 4 _aLITERATURA ESPAÑOLA
_9687
650 4 _aNOVELAS
_925
700 _aMartín Gaite, Carmen
_930703
_eprol.
942 _2udc
_ak. 32540
_cBK
_h860-31
_mFS 38
_nInv. 42367
945 _amm 09/04/2026 mev 10/04/2026
999 _c32540
_d32540